Študijné sebapoňatie frekventantov doplnkového pedagogického štúdia a rozširujúceho štúdia na Univerzite Komenského

Zisťovanie akademického sebapoňatia frekventantov, ktorí sa rozhodli pre štúdium doplnkového pedagogického štúdia, alebo si chceli rozšíriť svoju kvalifikáciu formou rozširujúceho štúdia na Univerzite Komenského v Bratislave.

Na minha lista:
Detalhes bibliográficos
Autor principal: Gavora, Peter
Outros Autores: Wiegerová, Adriana, Demkanin, Peter
Formato: Capítulo de Livro
Idioma:eslovaco
Assuntos:
Tags: Adicionar Tag
Sem tags, seja o primeiro a adicionar uma tag!

MARC

LEADER 00000naa a2200000 4500
001 0306087
005 20250813080455.5
041 0 |a slo 
044 |a SK 
245 1 0 |a Študijné sebapoňatie frekventantov doplnkového pedagogického štúdia a rozširujúceho štúdia na Univerzite Komenského  |c Peter Gavora, Dávid Pelošjan 
520 |a Zisťovanie akademického sebapoňatia frekventantov, ktorí sa rozhodli pre štúdium doplnkového pedagogického štúdia, alebo si chceli rozšíriť svoju kvalifikáciu formou rozširujúceho štúdia na Univerzite Komenského v Bratislave. 
610 2 0 |a štúdium vysokoškolské 
610 2 0 |a vzdelávanie celoživotné 
610 2 0 |a sebapoznanie 
610 2 0 |a študenti 
610 2 0 |a kvalifikácia 
610 2 0 |a dôvody sociálne 
100 1 |a Gavora, Peter 
700 1 |a Wiegerová, Adriana 
700 1 |a Demkanin, Peter